Dibujo geométrico : texto texto
Publicado:
Barcelona :
Escuela Elemental del Trabajo de la Diputación Provincial de Barcelona. Sección Ediciones (E.E.T. Artes Gráficas ,
1949
Descripción Física:
86 p. : il. ; 21 cm
Otros Autores:
Escola Elemental del Treball (Barcelona)
Materias:
Dibuix lineal
MARC
| LEADER | 00000nam a2200000Ia 4500 | ||
|---|---|---|---|
| 001 | 1987 | ||
| 008 | 160829s1949) xx 000 0 cat d | ||
| 080 | |a C-1-418 | ||
| 245 | |a Dibujo geométrico : |b texto | ||
| 260 | |a Barcelona : |b Escuela Elemental del Trabajo de la Diputación Provincial de Barcelona. Sección Ediciones (E.E.T. Artes Gráficas, |c 1949) | ||
| 300 | |a 86 p. : |b il. ; |c 21 cm | ||
| 650 | 0 | |a Dibuix lineal |9 20008 | |
| 700 | |a Escola Elemental del Treball (Barcelona) |9 55345 | ||
| 901 | |a Arxiu | ||
| 942 | |n 1 | ||
| 952 | |0 0 |1 0 |4 0 |6 C1418 |7 1 |9 47704 |a Arxiu |b Arxiu |d 2016-12-01 |l 0 |o C-1-418 |p 1987 |r 2016-12-01 00:00:00 |w 2016-12-01 |y ARXIU | ||
| 999 | |c 51503 |d 51503 | ||